| 000 | 01201nam a22003017i 4500 | ||
|---|---|---|---|
| 999 |
_c23335 _d23335 |
||
| 003 | AR-CdUCM | ||
| 008 | 250724b20162016 pe||||| |||| 00| 0 spa d | ||
| 020 | _a978-612-4121-15-9 | ||
| 040 |
_aMUNICIPALIDAD PROVINCIAL DEL CUSCO _cBIBLIOTECA MUNICIPAL DEL CUSCO |
||
| 041 | _hspa | ||
| 082 |
_a333.9163 / C72 _bC72 |
||
| 110 |
_aComité de la Gestión Microcuenca Piuray Ccorimarca (CGMPC) _951283 |
||
| 245 |
_aEl agua de Piuray : _bJusticia o Injusticia / |
||
| 260 |
_aChinchero Piuray-Cusco : _bEditorial Grafica Bartolome de las Casas S.A.C. _c2016 |
||
| 300 |
_a71 páginas. : _bIlustraciones _c|24x17 cm. |
||
| 505 | _aLaguna de Piuray -- Contexto actual del conflicto -- Problemas de los recursos naturales -- Actores de la negociación | ||
| 650 |
_aLaguna de Piuray _951284 |
||
| 650 |
_aUso y manejo _951285 |
||
| 650 |
_aSaneamiento _920643 |
||
| 650 |
_aProceso de negociación _951286 |
||
| 700 |
_a(Gestores) Estrada Zúniga, Andrés _951287 |
||
| 700 |
_aAntezana Julián, Walter _951288 |
||
| 700 |
_aSallo, Constantino _951289 |
||
| 700 |
_aBueno de Mezquita, Mourik _951290 |
||
| 700 |
_aBéjar Saya, Juan Victor _951291 |
||
| 942 |
_2ddc _cLIBROS |
||
| 945 |
_apbjr _d24-07-2025 |
||